[Event "Maicao op 3rd"]
[Site "Maicao"]
[Date "2014.05.02"]
[Round "4"]
[White "Jaramillo, Eduardo Alonso"]
[Black "Hernandez Villar, Andres F"]
[Result "1-0"]
[WhiteElo "2013"]
[BlackElo "1744"]
[PlyCount "55"]
[EventDate "2014.05.01"]
[EventType "swiss"]
[EventRounds "7"]
[EventCountry "COL"]
[SourceTitle "CBM 160 Extra"]
[Source "ChessBase"]
[SourceDate "2014.07.01"]
[SourceVersion "1"]
[SourceVersionDate "2014.07.01"]
[SourceQuality "1"]

1. e4 e6 2. d4 d5 3. Nd2 Nf6 4. e5 Nfd7 5. Bd3 c5 6. c3 Nc6 7. Ne2 Qb6 8. Nf3 Be7 9. 0-0 f5 10. exf6 Nxf6 11. dxc5 Bxc5 12. b4 Bd6 13. Bg5 0-0 14. Qc2 h6 15. Bxf6 Rxf6 16. Nh4 e5 17. Bh7+ Kf7 18. Bg6+ Ke7 19. Ng3 e4 20. Nh5 Rxg6 21. Nxg6+ Kf7 22. Nhf4 Bf5 23. Nxd5 Qd8 24. Ngf4 g5 25. Ne3 Bh7 26. Qb3+ Ke8 27. Ne6 Qd7 28. Nd5 1-0

[Event "Calvia Amateur op 7th"]
[Site "Calvia"]
[Date "2010.10.12"]
[Round "4"]
[White "Carranza Pons, Ricardo Nelson"]
[Black "Jaramillo, Eduardo Alonso"]
[Result "0-1"]
[WhiteElo "1853"]
[BlackElo "1996"]
[PlyCount "72"]
[EventDate "2010.10.09"]
[EventType "swiss"]
[EventRounds "9"]
[EventCountry "ESP"]
[SourceTitle "EXT 2011"]
[Source "ChessBase"]
[SourceDate "2010.11.26"]
[SourceVersion "1"]
[SourceVersionDate "2010.11.26"]
[SourceQuality "1"]

1. e4 c6 2. d4 d5 3. Nc3 dxe4 4. Nxe4 Bf5 5. Ng3 Bg6 6. N1e2 e6 7. h4 h6 8. Nf4 Ne7 9. Bc4 Qd6 10. c3 Bh7 11. Qb3 b5 12. Bd3 Bxd3 13. Nxd3 Nd7 14. Ne4 Qd5 15. Qxd5 Nxd5 16. Ne5 Nxe5 17. dxe5 Be7 18. Bd2 a5 19. Rc1 Nb6 20. b3 0-0 21. Be3 Nd7 22. f4 Rfd8 23. g3 f6 24. Rh2 fxe5 25. Rd2 exf4 26. Bxf4 e5 27. Be3 Nf6 28. Nxf6+ Bxf6 29. Rxd8+ Rxd8 30. Rd1 Kf7 31. Rxd8 Bxd8 32. b4 Ke6 33. Ke2 Kd5 34. Kd3 axb4 35. cxb4 Be7 36. a3 h5 0-1